| 000 | 01512nam a2200301 i 4500 | ||
|---|---|---|---|
| 001 | 000017354 | ||
| 003 | DO-SdBNP | ||
| 005 | 20240612152012.0 | ||
| 006 | a||||gr|||| 00| 0 | ||
| 007 | ta | ||
| 008 | 100323s1944 dr 000 0 spa d | ||
| 040 |
_aDO-SdBNP _bspa _cBNPHU _erda |
||
| 082 | 4 |
_222 _a863.44 _bG643g |
|
| 100 | 1 |
_aGonzález Herrera, Julio _923847 _eautor |
|
| 245 | 1 | 3 |
_aLa gloria llamó dos veces / _cJulio González Herrera. |
| 264 | 1 |
_aCiudad Trujillo, República Dominicana : _bLa Opinión, _c1944 |
|
| 300 |
_a233 páginas ; _c23 cm. |
||
| 336 |
_2rdacontent _atexto _btxt |
||
| 337 |
_2rdamedia _asin mediación _bn |
||
| 338 |
_2rdacarrier _avolumen _bnc |
||
| 500 | _aNovela histórica basada en la vida del patriota dominicano Juan Pablo Duarte y del pirata puertorriqueño Roberto Cofresí. | ||
| 505 |
_aPrefacio. _tCapítulo I: Haity Brujo.-- _tCapítulo II: Amalia.-- _tCapítulo III: Cofresí.-- _tCapítulo IV: En Busca del Tesoro.-- _tCapítulo V: En Baní.-- _tCapítulo VI: Rivalidad.-- _tCapítulo VII: De Hombre a Hombre.-- _tCapítulo VIII: Juan Pablo Duarte.-- _tCapítulo IX: Claudiciación.-- _tCapítulo X: Hacia el Amargo Destierro.-- _tCapítulo XI: 27 de Febrero de 1844.-- _tNota.- Esta obra no concurrió al Certamen Literario con motivo del Primer Certamen de la República. |
||
| 590 | _aInventariado 2024 / MF | ||
| 650 | 4 |
_aNovela histórica dominicana. _9860 |
|
| 650 | 4 |
_aLiteratura dominicana. _967 |
|
| 910 | _aValidado. Control de calidad MAA | ||
| 942 |
_2ddc _cLBS1 |
||
| 999 |
_c16879 _d16879 |
||